La Prueba de oficio : crítica desde el garantismo procesal y el análisis económico del derecho /
Guardado en:
| Autor Principal: | |
|---|---|
| Formato: | Libro |
| Idioma: | Spanish |
| Publicado: |
Rosario :
Ediciones AVI,
2018.
|
| Edición: | 1a. ed. |
| Series: | Colección textos jurídicos
|
| Materias: | |
| Etiquetas: |
Agregar Etiqueta
Sin Etiquetas, Sea el primero en etiquetar este registro!
|
| LEADER | 00650nam a22001815a 4500 | ||
|---|---|---|---|
| 001 | DER.der013719 | ||
| 008 | 181017s2018####ag############000#0#spa#d | ||
| 005 | 20251204141244.0 | ||
| 245 | 1 | 3 | |a La Prueba de oficio : |b crítica desde el garantismo procesal y el análisis económico del derecho / |c Sebastián Arruiz. |
| 250 | |a 1a. ed. | ||
| 260 | |a Rosario : |b Ediciones AVI, |c 2018. | ||
| 300 | |a 173 p. | ||
| 490 | 1 | |a Colección textos jurídicos | |
| 020 | |a 9789871924424 | ||
| 100 | 1 | |a Arruiz, Sebastián G. | |
| 653 | |a ANÁLISIS ECONÓMICO DEL DERECHO | ||
| 859 | |a DERECHO |b BIB. DERECHO |h 347.05 |i ARR |p 008778 | ||
| 859 | |a DERECHO |b BIB. DERECHO |h 347.05 |i ARR |p 008779 |t 1 | ||
